| 000 | 00763nam a2200217 i 4500 | ||
|---|---|---|---|
| 001 | 80434 | ||
| 003 | ES-MaACL | ||
| 005 | 20250808002230.0 | ||
| 007 | t| | ||
| 008 | 041028s1960 sp ||||1| spa d | ||
| 100 | 1 |
_aHildebrand, Dietrich von, _d1889-1977 _963679 |
|
| 245 | 1 | 0 |
_aMoral auténtica y sus falsificaciones / _cDietrich von Hildebrand y Alice Jourdain ; [la tradujo del inglés Dionisio Garzón y Garzón]. |
| 260 |
_aMadrid : _bGuadarrama, _c[1960] |
||
| 300 |
_a289 p. ; _c19 cm. |
||
| 490 | 1 | _aCristianismo y hombre actual | |
| 700 | 1 |
_aJourdain, Alice. _967026 |
|
| 700 | 1 |
_aGarzón y Garzón, Dionisio. _955829 |
|
| 830 | 0 | 0 |
_aCristianismo y hombre actual _9181461 |
| 852 |
_aES-MaACL _jC-17997 _bR.45920 |
||
| 999 |
_c80434 _d80434 |
||